000 01048nam a2200301 i 4500
001 16246
003 DO-SdUEMH
005 20260114134740.0
007 ta
008 211105s2010||||dr |||gr|||| 0|| |dspa d
040 _aDO-SdUEMH
_bspa
_erda
041 _aspa
082 1 4 _aRD342 R173D 2010
_mRD
_bR173
084 _b10-00452
100 1 _aRamírez Morillo, Belarmino
_eaut
245 0 _aDerecho Constitucional :
_bcontrol de la constitución y derecho electoral /
_cBelarminio Ramírez Morillo
260 _c2010
264 1 _aSanto Domingo, República Dominicana :
_bCentenario, S. A.
_c2010
264 4 _c©2010
300 _axxviii, 608 páginas :
_c22 cm.
336 _2rdacontent
_atexto
_btxt
337 _2rdamedia
_asin mediación
_bn
338 _2rdacarrier
_avolumen
_bnc
504 _aContiene Información Bibliográfica a Final de la Obra.
505 2 _aEl derecho público -- El estado -- La constitución -- El derecho electoral -- Diccionario del derecho constitucional y electoral.
942 _2ddc
_cBK
_n0
999 _c16246
_d16246